Catálogo
 En Linea

Lo popupar y lo culto en la poesía dominicana. (Registro nro. 8813)

Detalles MARC
000 -CABECERA
campo de control de longitud fija 00275nam a2200097 a 4500
005 - FECHA Y HORA DE LA ÚLTIMA TRANSACCIÓN
campo de control 20200929161456.0
008 - DATOS DE LONGITUD FIJA--INFORMACIÓN GENERAL
campo de control de longitud fija 090925s1977 000 spa d
040 ## - FUENTE DE LA CATALOGACIÓN
Centro catalogador/agencia de origen DO-SdBNP
245 #3 - MENCIÓN DE TÍTULO
Título Lo popupar y lo culto en la poesía dominicana.
260 ## - PUBLICACIÓN, DISTRIBUCIÓN, ETC.
Lugar de publicación, distribución, etc. Santiago de los Caballeros,
Fecha de publicación, distribución, etc. 1977.

No hay ítems disponibles.

Con tecnología Koha